000 00626nam a22002057a 4500
003 0
005 20240726141734.0
008 240726b xxu||||| |||| 00| 0 eng d
020 _a9780357117811
050 _aQA 76.9
_b.T55 2020
100 _aTilley, Scott
245 _aSystems analysis and design
_cScott Tilley
250 _aTwelfth edition
260 _aBoston, Massachussetts
_bCengage
_c2020
300 _axvii, 488 pages :
_bcolored illustrations ;
_c29cm.
504 _aIncludes bibliographcial references, index, and glossary.
650 _aSystem design.
650 _aSystem analysis.
942 _2lcc
_cBK
999 _c366034
_d366034